Chloë Grace Moretz Filmography - Statistics

General Stats
  • This quiz has been taken 104 times
    12 since last reset
  • The average score is 29 of 91
Answer Stats
Type Year Name % Correct
Film 2010 Kick-Ass
90%
Film 2013 Kick-Ass 2
90%
Video Game 2014 Kick-Ass 2: The Game
90%
Video Game 2010 Kick-Ass: The Game
90%
Film 2009 500 Days of Summer
60%
Film 2016 Neighbors 2: Sorority Rising
60%
Film 2013 Carrie
50%
Film 2012 Dark Shadows
50%
Film 2010 Diary of a Wimpy Kid
50%
Film 2011 Hugo
50%
Film 2014 If I Stay
50%
Film 2023 Nimona
50%
Film 2016 The 5th Wave
50%
Film 2021 Tom & Jerry
50%
TV Show 2011-2013 30 Rock
40%
TV Show 2013 American Dad!
40%
Film 2008 Bolt
40%
Film 2016 Brain on Fire
40%
Film 2018 Greta
40%
Film 2011 Hick
40%
Film 2014 Laggies
40%
Film 2010 Let Me In
40%
Film 2021 Mother/Android
40%
Film 2013 Movie 43
40%
Film 2014 Muppets Most Wanted
40%
TV Show 2005 My Name Is Earl
40%
Film 2018 Suspiria
40%
Film 2019 The Addams Family
40%
Film 2021 The Addams Family 2
40%
Film 2005 The Amityville Horror
40%
Film 2014 The Equalizer
40%
Film 2018 The Miseducation of Cameron Post
40%
Web Series 2022 The Peripheral
40%
Music Video 2010 Answer to Yourself
30%
Film 2006 Big Momma's House 2
30%
Film 2014 Clouds of Sils Maria
30%
Film 2015 Dark Places
30%
TV Show 2007-2008 Dirty Sexy Money
30%
Video Game 2012 Dishonored
30%
TV Film 2005 Family Plan
30%
Documentary 2013 Girl Rising
30%
Film 2017 I Love You, Daddy
30%
Film 2009 Jack and the Beanstalk
30%
Film TBA Love Language
30%
TV Show 2015 Mickey Mouse Clubhouse
30%
TV Show 2007-2009 My Friends Tigger & Pooh
30%
Film 2010 My Friends Tigger & Pooh: Super Duper Super Sleuths
30%
Film 2017 November Criminals
30%
Film 2025 Oh. What. Fun.
30%
Music Video 2011 Ouch
30%
Music Video 2011 Our Deal
30%
Film 2019 Red Shoes & the 7 Dwarfs
30%
Film 2020 Shadow in the Cloud
30%
Film 2007 Super Sleuth Christmas Movie
30%
Film 2011 Texas Killing Fields
30%
TV Show 2006 The Emperor's New School
30%
Film 2008 The Eye
30%
Theater 2014 The Library
30%
Film 2008 The Poker House
30%
Film 2014 The Tale of the Princess Kaguya
30%
Film 2009 Tigger & Pooh and a Musical Too
30%
Web Series 2019 BoJack Horseman
20%
TV Show 2016 Bubble Guppies
20%
Theater 2025 Caroline
20%
TV Show 2006, 2007 Desparate Housewives
20%
Podcast 2019 Gaslight
20%
Film 2007 Hallowed Ground
20%
Film 2005 Heart of the Beholder
20%
Film TBA Love Is a Gun
20%
Podcast 2018 Modern Love
20%
Film 2009 Not Forgotten
20%
TV Show 2012 Punk'd
20%
Film 2006 Room 6
20%
Short Film 2011 Scary Girl
20%
TV Show TBA Seductive Poison
20%
Short Film 2014 Snackpocalypse
20%
Film TBA Strawweight
20%
TV Pilot 2007 The Cure
20%
TV Show 2004 The Guardian
20%
Film 2008 The Third Nail
20%
Film 2005 Today You Die
20%
Film 2006 Wicked Little Things
20%
TV Show 2016 I Live Alone
10%
Documentary 2013 Letters to Jackie: Remembering President Kennedy
10%
Podcast 2024 My Mom's Murder
10%
TV Special 2016 Red Nose Day
10%
TV Show 2019 Blue Peter
0%
Commercial 2016 Coach
0%
Film 2008 My Friends Tigger & Pooh's Friendly Tails
0%
Film 2010 Space Dogs
0%
TV Show 2015 We Got Married
0%
No matching quizzes found
Score Distribution
Percent of People with Each Score
Percentile by Number Answered
Your Score History
You have not taken this quiz since the last reset